ბათუმის შოთა რუსთაველის სახელმწიფო უნივერსიტეტის ბიბლიოთეკა

ლინგვისტური წერილები 3 / (ბიბ.ჩანაწერი № 55157)

000 -ლიდერი
ფიქსირებული სიგრძის საკონტროლო ველი 01453nam a2200265Ia 4500
001 - საკონტროლო ნომერი
საკონტროლო ველი 22232
003 - საკონტროლო ნომრის იდენტიფიკატორი
საკონტროლო ველი GE_BSU
005 - ბოლო ოპერაციის თარიღი და დრო
საკონტროლო ველი 20221216132514.0
008 - ფიქსირებული სიგრძის მონაცემთა ელემენტები - ზოგადი ინფორმაცია
ფიქსირებული სიგრძის საკონტროლო ველი 181216s2016||||ge |||||||||||||| ||geo||
020 ## - წიგნის საერთაშორისო სტანდარტული ნომერი
International Standard Book Number 9789941135118
040 ## - კატალოგიზაციის წყარო
Transcribing agency GE_BSU
041 ## - ენის კოდი
Language code of text/sound track or separate title geo
080 ## - უნივერსალური ათობითი კლასიფიკაციის ინდექსი
Universal Decimal Classification number 81'221.2 მ-44
100 ## - მთავარი ჩანაწერი - პიროვნების სახელი
Personal name მახარობლიძე, თამარ
9 (RLIN) 4999
245 ## - ცნობა სათაურის შესახებ
Title ლინგვისტური წერილები 3 /
Statement of responsibility, etc თამარ მახარობლიძე ; რედაქტორი ავთანდილ არაბული.
264 ## - წარმოების, გამოცემის, დისტრიბუციის და სხვა ცნობები
გამოცემის, წარმოების, დისტრიბუციის... ადგილი თბილისი :
გამოცემის, წარმოების, დისტრიბუციის... სახელწოდება თსუ-ს გამომცემლობა,
გამოცემის, წარმოების, დისტრიბუციის... თარიღი 2016.
300 ## - ფიზიკური აღწერა
Extent 442 გვ. ;
Dimensions 27 სმ.
500 ## - ზოგადი შენიშვნა
General note პარალელური სათაური ინგლისურ ენაზე
520 ## - SUMMARY, ETC.
Summary, etc პარალ. სათ. ინგლ.ენ.
653 ## - INDEX TERM--UNCONTROLLED
Uncontrolled term ლინგვისტური წერილები
700 ## - ADDED ENTRY--PERSONAL NAME
Personal name არაბული, ავთანდილ
Relator term რედაქტორი
9 (RLIN) 16455
700 ## - ADDED ENTRY--PERSONAL NAME
Personal name ივანე ჯავახიშვილის სახელობის თბილისის სახელმწიფო უნივერსიტეტი
Relator term არნოლდ ჩიქობავას სახელობის ენათმეცნიერების ინსტიტუტი
9 (RLIN) 16456
942 ## - ADDED ENTRY ELEMENTS (KOHA)
Koha item type წიგნი
Source of classification or shelving scheme
ეგზემპლარები
ჩამოწერის სტატუსი დაკარგული ეგზემპლარის სტატუსი კლასიფიკაციის წყარო ან თაროზე გაწყობის სქემა დაზიანების სტატუსი არ გაიცემა მუდმივი მდებარეობა (დაცვის ადგილი) ამჟამინდელი ადგილსამყოფელი თაროზე განთავსების ადგილი შეძენის თარიღი ღირებულება, შესყიდვის ნორმალური ფასი სრული შენახვის შიფრი შტრიხკოდი ბოლო ოპერაციის თარიღი ეგზემპლარის მიმდევრობითი ნომერი (კეტერი?) ფასის ძალაში შესვლის თარიღი ეგზემპლარის სახეობა საჯარო შენიშვნა
          ბათუმის შოთა რუსთაველის სახელმწიფო უნივერსიტეტის მთავარი ბიბლიოთეკა ბათუმის შოთა რუსთაველის სახელმწიფო უნივერსიტეტის მთავარი ბიბლიოთეკა წიგნსაცავი 2018-12-17 6.90 81'221.2 მ-44 57187 2018-12-17 57187 2018-12-17 წიგნი 6.90 ₾.
          ბათუმის შოთა რუსთაველის სახელმწიფო უნივერსიტეტის მთავარი ბიბლიოთეკა ბათუმის შოთა რუსთაველის სახელმწიფო უნივერსიტეტის მთავარი ბიბლიოთეკა წიგნსაცავი 2018-12-17 6.90 81'221.2 მ-44 57188 2018-12-17 57188 2018-12-17 წიგნი 6.90 ₾.
          ბათუმის შოთა რუსთაველის სახელმწიფო უნივერსიტეტის მთავარი ბიბლიოთეკა ბათუმის შოთა რუსთაველის სახელმწიფო უნივერსიტეტის მთავარი ბიბლიოთეკა წიგნსაცავი 2018-12-17 6.90 81'221.2 მ-44 57189 2018-12-17 57189 2018-12-17 წიგნი 6.90 ₾.
          ბათუმის შოთა რუსთაველის სახელმწიფო უნივერსიტეტის მთავარი ბიბლიოთეკა ბათუმის შოთა რუსთაველის სახელმწიფო უნივერსიტეტის მთავარი ბიბლიოთეკა წიგნსაცავი 2018-12-17 6.90 81'221.2 მ-44 57190 2018-12-17 57190 2018-12-17 წიგნი 6.90 ₾.
          ბათუმის შოთა რუსთაველის სახელმწიფო უნივერსიტეტის მთავარი ბიბლიოთეკა ბათუმის შოთა რუსთაველის სახელმწიფო უნივერსიტეტის მთავარი ბიბლიოთეკა წიგნსაცავი 2018-12-17 6.90 81'221.2 მ-44 57225 2018-12-17 57225 2018-12-17 წიგნი 6.90 ₾.
          ბათუმის შოთა რუსთაველის სახელმწიფო უნივერსიტეტის მთავარი ბიბლიოთეკა ბათუმის შოთა რუსთაველის სახელმწიფო უნივერსიტეტის მთავარი ბიბლიოთეკა წიგნსაცავი 2023-07-28 10.00 81'221.2 მ-44 65064 2023-07-28 65064 2023-07-28 წიგნი 10.00